US tariff policy and the smooth-hawley tariff act of 1930 (Record no. 68446)

000 -LEADER
fixed length control field 00447pab a2200169 454500
008 - FIXED-LENGTH DATA ELEMENTS--GENERAL INFORMATION
fixed length control field 180718b2005 xxu||||| |||| 00| 0 eng d
100 ## - MAIN ENTRY--PERSONAL NAME
Personal name Kulkarni, Kishore G.
245 ## - TITLE STATEMENT
Title US tariff policy and the smooth-hawley tariff act of 1930
260 ## - PUBLICATION, DISTRIBUTION, ETC.
Date of publication, distribution, etc. 2005
300 ## - PHYSICAL DESCRIPTION
Extent p.49-60.
362 ## - DATES OF PUBLICATION AND/OR SEQUENTIAL DESIGNATION
Dates of publication and/or sequential designation Jul
650 ## - SUBJECT ADDED ENTRY--TOPICAL TERM
Topical term or geographic name entry element Tariff - United States
650 ## - SUBJECT ADDED ENTRY--TOPICAL TERM
Topical term or geographic name entry element Tariff
700 ## - ADDED ENTRY--PERSONAL NAME
Personal name Evans, Christopher
773 ## - HOST ITEM ENTRY
Main entry heading Indian Journal of Economics
909 ## -
-- 68446
Holdings
Withdrawn status Lost status Damaged status Not for loan Permanent Location Current Location Date acquired Serial Enumeration / chronology Barcode Date last seen Price effective from Koha item type
        Indian Institute of Public Administration Indian Institute of Public Administration 2018-07-19 Volume no: 86, Issue no: 340 AR68902 2018-07-19 2018-07-19 Articles

Powered by Koha